Statistiques concernant 5 plus grands pays par continent

Cliquez ici pour prendre le quiz!

Statistiques générales

  • Ce quiz a été pris 13 833 fois
    (13 796 depuis la dernière actualisation)
  • Le résultat moyen est 22 sur 29

Statistiques - réponses

ContinentPays% Correct
Europe/AsieRussie
98%
Amérique du NordCanada
97%
OcéanieAustralie
97%
Amérique du NordEtats-Unis
97%
Amérique du SudBrésil
96%
AsieChine
96%
EuropeFrance
94%
Amérique du SudArgentine
93%
Amérique du NordMexique
93%
AfriqueAlgérie
88%
AsieInde
88%
OcéanieNouvelle-Zélande
87%
EuropeEspagne
84%
Amérique du SudColombie
80%
Amérique du SudPérou
80%
EuropeUkraine
76%
Amérique du SudBolivie
71%
AfriqueSoudan
65%
AsieKazakhstan
64%
EuropeSuède
64%
AfriqueR.D. Congo
63%
AfriqueLibye
56%
OcéaniePapouasie-Nouvelle-Guinée
55%
AfriqueTchad
53%
AsieArabie Saoudite
51%
Amérique du NordHonduras
47%
Amérique du NordNicaragua
46%
OcéanieFidji
45%
OcéanieSalomon
33%

Distribution des résultats

Percentile par nombre de réponses

% des personnes avec chaque résultat

Votre développement - résultats

Vous n’avez pas pris ce quiz depuis la dernière actualisation